Regional outlook Southeast Asia 2007-2008.
| Format: | Book |
|---|---|
| Published: |
Singapore:
Institute of Southeast Asian Studies,
2007.
|
| Subjects: |
| LEADER | 00540cam a2200169 7i4500 | ||
|---|---|---|---|
| 001 | 0000021262 | ||
| 005 | 20080522090000.0 | ||
| 020 | 0 | 0 | |a 978-981-230-428-5 |
| 090 | 0 | 0 | |a SEA 330.9 |b REG |
| 245 | 0 | 0 | |a Regional outlook Southeast Asia 2007-2008. |
| 260 | 0 | 0 | |a Singapore: |b Institute of Southeast Asian Studies, |c 2007. |
| 300 | # | # | |a 147 p. |
| 650 | 0 | 0 | |a ASEAN |
| 650 | 0 | 0 | |a Southeast Asia -- |x Economic conditions |
| 650 | 0 | 0 | |a Southeast Asia -- |x Political aspects |
| 651 | 0 | 0 | |a Southeast Asia |
| 999 | |a B000021753 |b Book |c Regions |e Business Information Centre | ||


